00352nam a2200109Ia 4500008004100000020001800041040002900059050002300088100002000111245006600131260004500197221216s9999||||xx |||||||||||||| ||und|| a9780521882477 cChuka University Library ab 4373b .k54 2009 aHannay alastair 0aConluding Unscientific postscript to the philosophical crumbs aCambridge University Pressblondonc2009